00755 2200253 4500001002100000005001700021008004100038020002200079035002400101040001200125082001000137084002000147100001200167245011400179250001100293260003400304300003600338500003100374650001000405700003000415700002200445850001200467990002200479INLIS00000000002614920170313094821.0  a978-602-371-225-0 0010-031700000000259 aYOPDYOG a693.5 aDEP 693.5 Ern M aERNIATI aMikrostruktur self compactring concretec/ Erniati, Muhammad Wihardi Tjaronge ; penyunting, Muslimin B. Putra aCet.1. aYogyakartabLeutikaprioc2016 axii, 104 hlm.b: ilus.c; 23 cm aBibliografi : hlm. 100-109 aBeton aMuhammad Wihardi Tjaronge aMuslimin B. Putra aYOPDYOG aCB-D.11/2016-1656